Resource competition and community structure /

Competition (Biology)

Bibliographic Details
Main Author: Tilman, David, 1949-
Format: Book
Language:English
Published: Princeton, N.J. : Princeton University Press, 1982.
Series:Monographs in population biology ; 17.
Subjects:

MARC

Tag First Indicator Second Indicator Subfields
LEADER 00000pam a2200000 a 4500
001 in00004462002
005 20191202121519.0
008 820125s1982 njua b 00110 eng
010 |a  81047954  
020 |a 0691083010 :  |c $25.00 
020 |a 0691083029 (pbk.) :  |c $9.95 
035 |a (OCoLC)08172049 
035 |9 AAC0420MS 
035 |z (UtOrBLW)6899 
035 |a 11007 
040 |a DLC  |c DLC  |d m/c  |d TMV  |d UtOrBLW 
049 |a TMVM  |c 1 
050 0 0 |a QH546.3  |b .T54 1982 
059 |l MS/BOOK STKS  |t BOOK  |k CIRCULATING  |i 3238900635310  |n NL  |a QH 546.3  |b T579r 1982 
060 4 |a QH 546.3  |b T579r 1982 
100 1 |a Tilman, David,  |d 1949- 
245 1 0 |a Resource competition and community structure /  |c David Tilman. 
264 1 |a Princeton, N.J. :  |b Princeton University Press,  |c 1982. 
300 |a xi, 296 pages :  |b illustrations ;  |c 23 cm. 
336 |a text  |2 rdacontent  |b txt 
337 |a unmediated  |2 rdamedia 
338 |a volume  |2 rdacarrier  |b nc 
490 1 |a Monographs in population biology ;  |v 17 
500 |a Includes indexes. 
504 |a Bibliography: pages 273-290. 
520 8 |a Competition (Biology) 
520 8 |a Biotic communities. 
650 2 |a Competitive Behavior. 
650 2 |a Genetics, Population. 
650 2 |a Ecology. 
830 0 |a Monographs in population biology ;  |v 17. 
940 |a copy plain 
999 |a MARS 
999 f f |s c5384ce3-e716-3d46-8176-933a072129ed  |i 87da3f57-3c36-342a-89d1-1f69cf04730d  |t 0 
952 f f |p ric  |a Texas A&M University  |b Rellis Campus  |c Joint Library Facility  |d Remote Storage  |t 0  |e QH 546.3 T579r 1982  |h National Library of Medicine classification  |i unmediated -- volume  |m 3238900635310 
998 f f |a QH 546.3 T579r 1982  |t 0  |l Remote Storage